LEADER 01427nam a2200277 a 4500 001 000000126016 003 CaOOAMICUS 005 20110715111820.0 008 110715s2009 it ae u000 u ita r 040 $aPUL$bita 082 04$a726.5 100 1 $aStrinati, Flavia.$0(OLS)http://pul/name/80127 245 13$aLa ristrutturazione della chiesa di s. Saba tra il 1573 e il 1575 il rapporto con l'antico tra Lauretano e Baronio /$cFlavia Strinati. 260 $aSora :$bCentro di studi sorani "Vincenzo Patriarca",$c©2009. 300 $a582-713 p. :$bill., piante ;$c21 cm 500 $aEstratto da: "Baronio e le sue fonti : atti del convegno internazionale di studi Sora 10-13 ottobre 2007 / a cura di Luigi Gulia". 504 $aBibliografia in nota. 610 24$aSan Saba (chiesa : Roma)$xRestauri.$0(OLS)http://pul/subject/38170 700 1 $aGulia, Luigi.$0(OLS)http://pul/name/80128 850 $aPUL 852 $aPUL$W1$xDP2 Cons. Gen., Altre Classi 3$y97$m726. 5 STRFL 1$j145203$qDDC 21$B144201$CPULBib$Z2$F144201 $H117495 $82 941 1 $a9 996 $6082$a726.5$9(OLS)http://pul/classification/2104 996 $6245$aLa ristrutturazione della chiesa di s. Saba tra il 1573 e il 1575 il rapporto con l'antico tra Lauretano e Baronio$9(OLS)http://pul/title/159081 996 $6260$aSora :$bCentro di studi sorani "Vincenzo Patriarca"$9(OLS)http://pul/publisher/81649 LEADER 01214nam a2200265 a 4500 001 000000159033 003 CaOOAMICUS 005 20170221174735.0 008 170221s1956 fr m 001 u fre r 032 $aLibriCat 040 $aPUL$bita 100 1 $aCatalan, Jean-François.$0(OLS)http://pul/name/101611 245 10$aAngoisse et durée : $btemps et affectivité chez l'anxieux leucotomisé / $cJoanne-Francisco Catalan. 260 $aLe Puy :$b[s.n.],$c1956. 300 $a88-147, xv p. ; $c26 cm. 502 $aEstratto di Tesi -- Pontificia Universitas Gregoriana. Philosophiae. 1955. 504 $aBibliografia in nota a piè pagina. 650 04$aFilosofia morale.$0(OLS)http://pul/subject/560 710 2 $aPontificia Università Gregoriana.$bFacoltà di filosofia.$kTesi.$0(OLS)http://pul/name/82053 850 $aPUL 852 $aPUL$W1$xDP1 Tesi Pon. Univ. Gregoriana$y40$mTH PUG 993$j182330$qTesi$B185531$CPULBib$Z2$F185531 $H19038 $82 941 1 $a16 996 $6245$aAngoisse et durée : $btemps et affectivité chez l'anxieux leucotomisé / $9(OLS)http://pul/title/198643 996 $6260$aLe Puy :$b[s.n.]$9(OLS)http://pul/publisher/86096